Statistics for Countries within the Arctic Circle - Map Quiz

Click here to take the quiz!

General Stats

  • This quiz has been taken 12,465 times
  • The average score is 6 of 7

Answer Stats

Answer % Correct
Canada
96%
Russia
94%
Denmark
93%
Finland
92%
Norway
91%
Sweden
91%
United States
90%

Score Distribution

Percentile by Number Answered

Percent of People with Each Score

Your Score History

You have not taken this quiz